Jujutsu kaisen-1 (Record no. 12360)
[ view plain ]
| 000 -LEADER | |
|---|---|
| fixed length control field | 00246nam a22000977a 4500 |
| 008 - FIXED-LENGTH DATA ELEMENTS--GENERAL INFORMATION | |
| fixed length control field | 230713b |||||||| |||| 00| 0 eng d |
| 020 ## - INTERNATIONAL STANDARD BOOK NUMBER | |
| International Standard Book Number | 9781974710027 |
| 100 ## - MAIN ENTRY--PERSONAL NAME | |
| Personal name | Akutami Gege |
| 9 (RLIN) | 7692 |
| 245 ## - TITLE STATEMENT | |
| Title | Jujutsu kaisen-1 |
| 260 ## - PUBLICATION, DISTRIBUTION, ETC. (IMPRINT) | |
| Place of publication, distribution, etc. | USA |
| Name of publisher, distributor, etc. | SHUEISHA Inc |
| Date of publication, distribution, etc. | 2022 |
| Withdrawn status | Lost status | Source of classification or shelving scheme | Damaged status | Koha normalized classification for sorting | Not for loan | Home library | Current library | Shelving location | Date acquired | Total Checkouts | Total Renewals | Full call number | Barcode | Date last seen | Date last checked out | Price effective from | Koha item type |
|---|---|---|---|---|---|---|---|---|---|---|---|---|---|---|---|---|---|
| Dewey Decimal Classification | AKU_741_500000000000000 | Good Samaritan School Library | Good Samaritan School Library | FICTION | 07/13/2023 | 12 | 1 | AKU741.5 | AKU17679 | 07/29/2024 | 07/16/2024 | 07/13/2023 | BOOK |